Sprichwörter Bilder KI - Statistiken

Allgemein
  • Dieses Quiz wurde 1.872 mal gespielt
  • Das Durchschnittsergebnis liegt bei 6 aus 16
Antwortstatistiken
Bildquiz Antwort % Korrekt
Der Apfel fällt nicht weit vom Stamm.
80%
Wer im Glashaus sitzt, sollte nicht mit Steinen werfen.
74%
Eine Hand wäscht die andere.
60%
Viele Köche verderben den Brei.
58%
Scherben bringen Glück.
56%
Viele Wege führen nach Rom.
52%
Kleider machen Leute.
49%
Einem geschenkten Gaul schaut man nicht ins Maul.
44%
Blut ist dicker als Wasser.
36%
Lieber den Spatz in der Hand als die Taube auf dem Dach.
29%
Ein blindes Huhn findet auch mal ein Korn.
28%
Morgenstund hat Gold im Mund.
27%
Wenn zwei sich streiten freut sich der Dritte.
23%
Wo gehobelt wird da fallen Spähne.
14%
Kleinvieh macht auch Mist.
6%
Das Glück der Erde liegt auf dem Rücken der Pferde.
4%
Keine übereinstimmenden Quizze gefunden
Verteilung der Resultate
Anzahl Personen mit jedem Resultat
Perzentil nach korrekt beantworteten Fragen
Ihre Resultats-Entwicklung
Sie haben dieses Quiz noch nicht gespielt